[Event "CZE-ch Seniors 70"]
[Site "Rychnov nad Kneznou"]
[Date "2015.08.21"]
[Round "7"]
[White "Skokan, Zdenek"]
[Black "Pecka, Frantisek"]
[Result "1/2-1/2"]
[WhiteElo "1995"]
[BlackElo "2069"]
[PlyCount "31"]
[EventDate "2015.08.15"]
[EventType "swiss"]
[EventRounds "9"]
[EventCountry "CZE"]
[SourceTitle "EXT 2016"]
[Source "ChessBase"]
[SourceDate "2015.10.08"]
[SourceVersion "1"]
[SourceVersionDate "2015.10.08"]
[SourceQuality "1"]

1. e4 c5 2. Nc3 e6 3. g3 Nc6 4. Bg2 g6 5. d3 Bg7 6. Nge2 Nge7 7. 0-0 a6 8. Be3 Nd4 9. Qd2 d6 10. Nd1 Nxe2+ 11. Qxe2 Rb8 12. f4 b6 13. c3 d5 14. Nf2 d4 15. Bd2 0-0 16. g4 1/2-1/2

[Event "Rychnov Seniors op"]
[Site "Rychnov nad Kneznou"]
[Date "2012.08.20"]
[Round "1"]
[White "Splitek, Lubos"]
[Black "Pecka, Frantisek"]
[Result "0-1"]
[WhiteElo "1773"]
[BlackElo "2052"]
[PlyCount "48"]
[EventDate "2012.08.20"]
[EventType "swiss"]
[EventRounds "9"]
[EventCountry "CZE"]
[SourceTitle "CBM 150 Extra"]
[Source "ChessBase"]
[SourceDate "2012.10.19"]
[SourceVersion "1"]
[SourceVersionDate "2012.10.19"]
[SourceQuality "1"]

1. e4 c5 2. Nc3 e6 3. g3 Nc6 4. Bg2 g6 5. d3 Bg7 6. Be3 d6 7. Qd2 Rb8 8. a4 Nd4 9. Nd1 Ne7 10. c3 Nb3 11. Qe2 Nxa1 12. b4 cxb4 13. Qb2 bxc3 14. Qxa1 Qa5 15. Ke2 b5 16. Nf3 b4 17. e5 dxe5 18. Ng5 Ba6 19. Ne4 Rd8 20. Nc5 0-0 21. Qa2 Nd5 22. Nb3 Bxd3+ 23. Kxd3 Qa6+ 24. Ke4 f5+ 0-1

[Event "CZE-chT2B 0910"]
[Site "Czech Republic"]
[Date "2010.03.28"]
[Round "10.8"]
[White "Fric, Pavel"]
[Black "Pecka, Frantisek"]
[Result "0-1"]
[WhiteElo "2003"]
[BlackElo "2081"]
[PlyCount "70"]
[EventDate "2009.10.18"]
[EventType "team-tourn"]
[EventRounds "11"]
[EventCountry "CZE"]
[SourceTitle "EXT 2012"]
[Source "ChessBase"]
[SourceDate "2011.11.24"]
[SourceVersion "1"]
[SourceVersionDate "2011.11.24"]
[SourceQuality "1"]
[WhiteTeam "Karlovy Vary"]
[BlackTeam "Jirkov"]
[WhiteTeamCountry "CZE"]
[BlackTeamCountry "CZE"]

1. e4 e5 2. Nf3 Nc6 3. d4 exd4 4. Nxd4 d6 5. Bc4 Nf6 6. Nc3 Be7 7. 0-0 Nxd4 8. Qxd4 0-0 9. a4 c6 10. Rd1 Qb6 11. Qd3 Ng4 12. Qg3 Be6 13. Be2 Ne5 14. Be3 Qc7 15. f4 Nc4 16. Bd4 f6 17. f5 Bf7 18. b3 Ne5 19. Be3 Rfd8 20. Qf2 d5 21. exd5 cxd5 22. Nb5 Qxc2 23. Rdc1 Qe4 24. Bxa7 d4 25. Bxd4 Bxb3 26. Bxe5 Qxe5 27. Qf3 Bxa4 28. Bc4+ Kh8 29. Rab1 Rac8 30. Qe2 Qc5+ 31. Kh1 Bxb5 32. Rc3 Bxc4 33. Qg4 b5 34. h4 Rd4 35. Qh3 Rcd8 0-1

[Event "CZE-chT2B 0910"]
[Site "Czech Republic"]
[Date "2010.03.14"]
[Round "9.8"]
[White "Pecka, Frantisek"]
[Black "Holes, Michal"]
[Result "1-0"]
[WhiteElo "2081"]
[BlackElo "1897"]
[PlyCount "91"]
[EventDate "2009.10.18"]
[EventType "team-tourn"]
[EventRounds "11"]
[EventCountry "CZE"]
[SourceTitle "EXT 2012"]
[Source "ChessBase"]
[SourceDate "2011.11.24"]
[SourceVersion "1"]
[SourceVersionDate "2011.11.24"]
[SourceQuality "1"]
[WhiteTeam "Jirkov"]
[BlackTeam "Karlovy Vary II"]
[WhiteTeamCountry "CZE"]
[BlackTeamCountry "CZE"]

1. d4 Nf6 2. c4 e5 3. e3 exd4 4. Qxd4 Nc6 5. Qd1 Bb4+ 6. Bd2 0-0 7. Bxb4 Nxb4 8. a3 Nc6 9. Nc3 b6 10. Nf3 Re8 11. Be2 Bb7 12. 0-0 Ne7 13. Qc2 Ng6 14. Rfd1 Ne4 15. Nd5 c6 16. Nc3 Nxc3 17. Qxc3 Nf4 18. Bf1 Ng6 19. Rd6 Re6 20. Rad1 Rxd6 21. Rxd6 c5 22. Ne5 Qb8 23. Rxd7 Nxe5 24. Rxb7 Qxb7 25. Qxe5 Rd8 26. Be2 Qb8 27. Qe4 Rd2 28. Bf3 Rxb2 29. g3 g6 30. Qe7 a5 31. Bd5 Qf8 32. Qc7 Qe8 33. a4 Kg7 34. Kg2 Rb4 35. e4 Qf8 36. Qe5+ Kg8 37. Qc7 h6 38. e5 Qe8 39. h4 h5 40. Bc6 Qe6 41. Bd5 Qf5 42. e6 fxe6 43. Qc8+ Kf7 44. Qd7+ Kf6 45. Qd8+ Ke5 46. f4+ 1-0

[Event "CZE-chT2B 0910"]
[Site "Czech Republic"]
[Date "2010.02.14"]
[Round "7.8"]
[White "Bazantova, Marie"]
[Black "Pecka, Frantisek"]
[Result "0-1"]
[WhiteElo "1993"]
[BlackElo "2081"]
[PlyCount "80"]
[EventDate "2009.10.18"]
[EventType "team-tourn"]
[EventRounds "11"]
[EventCountry "CZE"]
[SourceTitle "EXT 2012"]
[Source "ChessBase"]
[SourceDate "2011.11.24"]
[SourceVersion "1"]
[SourceVersionDate "2011.11.24"]
[SourceQuality "1"]
[WhiteTeam "Usti nad Labem"]
[BlackTeam "Jirkov"]
[WhiteTeamCountry "CZE"]
[BlackTeamCountry "CZE"]

1. e4 c5 2. c3 d6 3. d4 cxd4 4. cxd4 g6 5. Bc4 Bg7 6. Qb3 e6 7. Nf3 Ne7 8. 0-0 Nbc6 9. Be3 0-0 10. Qc2 d5 11. exd5 Nxd5 12. Nc3 Nxe3 13. fxe3 Nb4 14. Qd2 b6 15. e4 Bb7 16. Rad1 Rc8 17. Qe2 Qe7 18. a3 Nc6 19. Ba2 Rcd8 20. Qf2 Bc8 21. Rfe1 h6 22. e5 Qb7 23. d5 exd5 24. Bxd5 Be6 25. Bxe6 fxe6 26. Qg3 Qf7 27. Rxd8 Rxd8 28. Nb5 g5 29. Rc1 Qd7 30. Nc3 Nxe5 31. Rd1 Nxf3+ 32. Qxf3 Bd4+ 33. Kh1 Qf7 34. Qh3 Rf8 35. g4 e5 36. Qg2 Qb3 37. Qc6 Kg7 38. Re1 Qxb2 39. Ne4 Qxa3 40. Nd6 Qf3+ 0-1

[Event "Most op"]
[Site "Most"]
[Date "2004.??.??"]
[Round "4"]
[White "Budil, Zdenek"]
[Black "Pecka, Frantisek"]
[Result "0-1"]
[WhiteElo "1940"]
[BlackElo "2070"]
[PlyCount "24"]
[EventDate "2004.??.??"]
[EventType "swiss"]
[EventRounds "9"]
[EventCountry "CZE"]
[SourceTitle "EXT 2007"]
[Source "ChessBase"]
[SourceDate "2006.11.23"]
[SourceVersion "1"]
[SourceVersionDate "2006.11.23"]
[SourceQuality "1"]

1. e4 c5 2. Nf3 a6 3. d4 cxd4 4. Nxd4 Nf6 5. Nc3 e5 6. Nf3 Bb4 7. Bd3 d5 8. exd5 e4 9. Qe2 0-0 10. Bxe4 Nxe4 11. Qxe4 Re8 12. Ne5 Bd6 0-1

[Event "Most op"]
[Site "Most"]
[Date "2004.??.??"]
[Round "9"]
[White "Pecka, Frantisek"]
[Black "Sekanina, Jiri"]
[Result "1/2-1/2"]
[WhiteElo "2070"]
[BlackElo "2120"]
[PlyCount "60"]
[EventDate "2004.??.??"]
[EventType "swiss"]
[EventRounds "9"]
[EventCountry "CZE"]
[SourceTitle "EXT 2007"]
[Source "ChessBase"]
[SourceDate "2006.11.23"]
[SourceVersion "1"]
[SourceVersionDate "2006.11.23"]
[SourceQuality "1"]

1. e4 Nf6 2. e5 Nd5 3. d4 d6 4. c4 Nb6 5. Nf3 g6 6. Nc3 Bg7 7. Bf4 Bg4 8. h3 Bxf3 9. Qxf3 Nc6 10. Rd1 0-0 11. Be2 Qc8 12. Qe3 dxe5 13. Bxe5 Nxe5 14. dxe5 Qe6 15. c5 Nc4 16. Bxc4 Qxc4 17. f4 Rad8 18. Kf2 f6 19. b3 Qe6 20. exf6 Qxe3+ 21. Kxe3 exf6 22. Rxd8 Rxd8 23. Rc1 c6 24. Ne4 f5 25. Nd6 Rd7 26. g4 Bf8 27. Nc8 Rd8 28. Nxa7 fxg4 29. Nxc6 bxc6 30. hxg4 Kf7 1/2-1/2

[Event "Schneider Bohemia op-A"]
[Site "Plzen"]
[Date "2000.??.??"]
[Round "?"]
[White "Laznicka, Viktor"]
[Black "Pecka, Frantisek"]
[Result "1/2-1/2"]
[WhiteElo "1800"]
[BlackElo "2225"]
[PlyCount "64"]
[EventDate "2000.??.??"]
[EventType "swiss"]
[EventRounds "9"]
[EventCountry "CZE"]
[SourceTitle "EXT 2003"]
[Source "ChessBase"]
[SourceDate "2002.11.25"]
[SourceVersion "1"]
[SourceVersionDate "2002.11.25"]
[SourceQuality "1"]

1. e4 e5 2. Nc3 Nc6 3. Bc4 Bc5 4. Qg4 g6 5. Qg3 d6 6. Nge2 Be6 7. Nd5 Nb4 8. Bb3 Nxd5 9. exd5 Bd7 10. 0-0 Nf6 11. c3 Nh5 12. Qf3 0-0 13. d4 exd4 14. Nxd4 Bxd4 15. cxd4 Rc8 16. Qd3 Bf5 17. Qb5 Qd7 18. Qxd7 Bxd7 19. Be3 Ng7 20. f3 Rfe8 21. Rfe1 f5 22. Rac1 Re7 23. Kf2 Be8 24. Bf4 Rxe1 25. Kxe1 Bd7 26. Kf2 Kf7 27. h3 Nh5 28. Bg5 Nf6 29. g4 fxg4 30. hxg4 h5 31. gxh5 Nxh5 32. Rh1 Rh8 1/2-1/2